Tolkien Works, Films and Adaptations Trivia #1 Beginner - Statistics

General Stats
  • This quiz has been taken 65 times
  • The average score is 19 of 25
Answer Stats
Hint Answer % Correct
3: Name of the wizard who got both #2 embroiled in an adventure Gandalf
98%
9: Name of the land ruled by #8 Mordor
98%
8: Name of the Dark Lord who made the One Ring Sauron
98%
2: Uncle of #1 Bilbo Baggins
96%
4: Name of the horse of #3 Shadowfax
96%
12: Strider's true name Aragorn
94%
6: Name of the town where the hobbits meet Strider Bree
94%
1: First and last name of the ringbearer Frodo Baggins
94%
7: The name of the inn in that town where the hobbits meet Strider The Prancing Pony
90%
5: The mysterious gentleman who rescues the hobbits from Barrow Wights Tom Bombadil
88%
11: The country in which Peter Jackson's adaptations of the three Lord of the Rings books were filmed New Zealand
86%
17: Full first and last name of the best friend and gardener of #1 Samwise Gamgee
84%
13: Name of the broken sword wielded by #12 Narsil
76%
22: The ruler of Rivendell is? Elrond
72%
15: Name of the elven king who died fighting #8 Gil-Galad
72%
25: Type of monster fought by #3 in #24? a Balrog
68%
16: Name of the king of men who died fighting #8 Elendil
66%
19: The elvish name of Rivendell is Imladris
66%
14: New name of #13 when it is reforged Anduril
64%
23: First and last name of the character played by Richard Armitage in the recent film adaptations of 'The Hobbit'? Thorin Oakenshield
60%
20: The elf who helps Strider and the hobbits reach Rivendell is? Glorfindel
58%
18: #1 is stabbed by a what wielded by a Nazgul on Weathertop? Morgul Blade
58%
10: The names of the three books that complete the Lord of the Rings trilogy The Fellowship of the Ring; The Two Towers; The Return of the King
44%
24: Name of the dwarvish ruins traversed by the fellowship of the ring? The Mines of Moria
42%
21: #20's horse is named? Asfaloth
24%
No matching quizzes found
Score Distribution
Percent of People with Each Score
Percentile by Number Answered
Your Score History
You have not taken this quiz